000 00641nam a2200181Ia 4500
003 GCL
008 140319s9999 xx 000 0 ara d
040 _aGCL /
_cGCL
082 0 4 _a001.6425
_bا ل
100 1 _aانيس حبلى
245 1 0 _aلغة الالة والتجميع للمتقدمين بالبرمجة Z80 خاص لجهاز السبكتروم /
_cانيس حبلى
260 _a[S.N] :
_bدار الراتب جبلى
300 _a198 ص
490 _aموسوعة العقل الالكترونى
_v0
650 0 4 _aالحاسبات الالكترونية
650 0 4 _aلغة الالة والتجميع
942 _2ddc
_cBK
999 _c40179
_d40179